Trong cơn say níu sợi dây đứt Tập truyện ngắn
Những câu chuyện ở một vùng nông thôn miền Trung, nơi người sống chịu sự chi phối của cộng đồng làng xã.. Tập truyện đi sâu khai thác diễn biến tâm lý đằng sau các uẩn khúc, đằng sau các bí mật....
Tallennettuna:
| Päätekijä: | |
|---|---|
| Aineistotyyppi: | Kirja |
| Kieli: | Undetermined |
| Julkaistu: |
Tp. Hồ Chí Minh
Nxb. Trẻ
2019
|
| Aiheet: | |
| Linkit: | http://lrc.tdmu.edu.vn/opac/search/detail.asp?aID=2&ID=38241 |
| Tagit: |
Lisää tagi
Ei tageja, Lisää ensimmäinen tagi!
|
| Thư viện lưu trữ: | Trung tâm Học liệu Trường Đại học Thủ Dầu Một |
|---|
| LEADER | 01055nam a2200217Ia 4500 | ||
|---|---|---|---|
| 001 | TDMU_38241 | ||
| 008 | 210410s9999 xx 000 0 und d | ||
| 082 | |a 658.401 | ||
| 090 | |b H407 | ||
| 100 | |a Hoàng, Công Danh | ||
| 245 | 0 | |a Trong cơn say níu sợi dây đứt | |
| 245 | 0 | |b Tập truyện ngắn | |
| 245 | 0 | |c Hoàng Công Danh | |
| 260 | |a Tp. Hồ Chí Minh | ||
| 260 | |b Nxb. Trẻ | ||
| 260 | |c 2019 | ||
| 300 | |a 225tr. | ||
| 520 | |a Những câu chuyện ở một vùng nông thôn miền Trung, nơi người sống chịu sự chi phối của cộng đồng làng xã.. Tập truyện đi sâu khai thác diễn biến tâm lý đằng sau các uẩn khúc, đằng sau các bí mật. | ||
| 650 | |a Văn học hiện đại |v Truyện ngắn |z Việt Nam; Văn học Việt Nam |v Truyện ngắn | ||
| 856 | |u http://lrc.tdmu.edu.vn/opac/search/detail.asp?aID=2&ID=38241 | ||
| 980 | |a Trung tâm Học liệu Trường Đại học Thủ Dầu Một | ||